000 01055na a2200301 4500
001 13450
003 MIRAKIL
005 20181213154914.0
008 161009b tu 000 0
020 _a9755200053
035 _a13450
040 _aMilas
_btur
_cTR-AnCHP
082 _a306.2
_bA44s
090 _a306.2 A44s 1989
100 _aAlkan, Türker
245 _aSiyasal bilinç ve toplumsal değişim
_bsiyasal bilincin gelişmesinde ailenin, okulun ve toplumsal sınıfların etkisi
_cTürker Alkan
246 _aSiyasal bilincin gelişmesinde ailenin, okulun ve toplumsal sınıfların etkisi
260 _aAnkara
_bGündoğan Yayınları
_c1989
300 _axviii, 380 s.
_btbl., grf.
_c21 sm.
490 _aSosyoloji dizisi
_v02.03
490 _aGündoğan yayınları
_v89.13
504 _aKaynakça var
650 _aSiyasal bilinç
_xGelişim süreci
650 _aSiyaset (sosyoloji)
_zSiyasal toplumsallaşma
651 _aTürkiye
_xToplumsal gelişme
651 _aTürkiye
_xEğitim
_yYurttaşlık bilgisi
942 _2ddc
_cBKS
999 _c2925
_d2925